[Event "La Fere op"]
[Site "La Fere"]
[Date "2010.07.09"]
[Round "8"]
[White "Brugge, Bruno"]
[Black "Lorente, Philippe"]
[Result "1/2-1/2"]
[WhiteElo "1730"]
[BlackElo "1632"]
[PlyCount "78"]
[EventDate "2010.07.03"]
[EventType "swiss"]
[EventRounds "9"]
[EventCountry "FRA"]
[SourceTitle "CBM 137 Extra"]
[Source "ChessBase"]
[SourceDate "2010.09.01"]
[SourceVersion "1"]
[SourceVersionDate "2010.09.01"]
[SourceQuality "1"]

1. c4 Nf6 2. Nc3 e6 3. g3 d5 4. cxd5 exd5 5. d4 Bb4 6. Bd2 Bxc3 7. bxc3 0-0 8. Bg5 Bf5 9. Bg2 Nbd7 10. Nf3 c6 11. Ne5 Qa5 12. Bd2 Nxe5 13. dxe5 Ne4 14. Bxe4 Bxe4 15. f3 Bf5 16. c4 Qc5 17. cxd5 cxd5 18. Rc1 Qb6 19. Qb3 Qe6 20. Qxb7 Qxe5 21. Bf4 Qd4 22. Rd1 Qc3+ 23. Kf2 Be6 24. Rd3 Qc8 25. Rb1 Bf5 26. Rxd5 Bxb1 27. Qxb1 Qh3 28. g4 Qh4+ 29. Kg2 Qf6 30. Kg3 Rfe8 31. e4 Qc3 32. Rd3 Qa5 33. Rd5 Qb6 34. Rb5 Qd4 35. Rb7 h6 36. h4 Qc5 37. g5 hxg5 38. hxg5 Re6 39. e5 Rb6 1/2-1/2

[Event "La Fere op"]
[Site "La Fere"]
[Date "2010.07.04"]
[Round "2"]
[White "Brugge, Bruno"]
[Black "Meuriot, Philippe"]
[Result "1-0"]
[WhiteElo "1730"]
[BlackElo "1539"]
[PlyCount "38"]
[EventDate "2010.07.03"]
[EventType "swiss"]
[EventRounds "9"]
[EventCountry "FRA"]
[SourceTitle "CBM 137 Extra"]
[Source "ChessBase"]
[SourceDate "2010.09.01"]
[SourceVersion "1"]
[SourceVersionDate "2010.09.01"]
[SourceQuality "1"]

1. c4 e5 2. g3 Nf6 3. Bg2 d5 4. cxd5 Nxd5 5. Nc3 Be6 6. Nf3 Nc6 7. d3 f6 8. 0-0 Qd7 9. a3 Bc5 10. Bd2 0-0-0 11. b4 Bb6 12. Na4 a6 13. Nxb6+ Nxb6 14. Be3 Nd5 15. Bd2 g5 16. Qb1 h5 17. a4 Na7 18. b5 axb5 19. axb5 Nxb5 1-0

[Event "La Fere op"]
[Site "La Fere"]
[Date "2010.07.03"]
[Round "1"]
[White "Caloone, Thomas"]
[Black "Brugge, Bruno"]
[Result "1/2-1/2"]
[WhiteElo "1599"]
[BlackElo "1730"]
[PlyCount "63"]
[EventDate "2010.07.03"]
[EventType "swiss"]
[EventRounds "9"]
[EventCountry "FRA"]
[SourceTitle "CBM 137 Extra"]
[Source "ChessBase"]
[SourceDate "2010.09.01"]
[SourceVersion "1"]
[SourceVersionDate "2010.09.01"]
[SourceQuality "1"]

1. e4 c5 2. Nf3 g6 3. Nc3 Bg7 4. Bc4 Nc6 5. 0-0 d6 6. h3 Nf6 7. d3 0-0 8. Be3 a6 9. Qc1 Re8 10. Nd5 Nxd5 11. Bxd5 Bd7 12. Bg5 Qb6 13. c3 e6 14. Bb3 Qc7 15. Qf4 Rac8 16. Bf6 Bxf6 17. Qxf6 Qd8 18. Qf4 Qe7 19. Ng5 Kg7 20. Nf3 b5 21. e5 dxe5 22. Nxe5 Nxe5 23. Qxe5+ Kg8 24. d4 c4 25. Bc2 Bc6 26. Be4 Qb7 27. Bxc6 Qxc6 28. Rfe1 Rcd8 29. Qf6 Rd5 30. Re5 Rxe5 31. Qxe5 Qd5 32. Re1 1/2-1/2